Statistics for Scarlett Johansson Filmography

Click here to take the quiz!

General Stats

  • This quiz has been taken 626 times
    (164 since last reset)
  • The average score is 29 of 94

Answer Stats

TypeYearName% Correct
Film2012The Avengers
94%
Film2019Avengers: Endgame
93%
Film2018Avengers: Infinity War
91%
Film2021Black Widow
91%
Film2015Avengers: Age of Ultron
86%
Film2010Iron Man 2
83%
Film2016Captain America: Civil War
78%
Film2014Captain America: The Winter Soldier
78%
Film2003Lost in Translation
70%
Film2019Marriage Story
67%
Film2014Lucy
66%
Film2019Jojo Rabbit
64%
Film2017Ghost in the Shell
53%
TV Show2006-2023Saturday Night Live
49%
Film2013Her
48%
Film2016Sing
45%
Film2021Sing 2
45%
Film2019Captain Marvel
44%
Film2023Asteroid City
43%
Film2006The Prestige
43%
Film2013Don Jon
40%
Film1997Home Alone 3
40%
Film2013Under the Skin
40%
Film2016The Jungle Book
39%
Film2008Vicky Cristina Barcelona
38%
Film2001Ghost World
36%
Film2007The Nanny Diaries
36%
Film2011We Bought a Zoo
36%
Film2005The Island
35%
Film2017Rough Night
34%
Film2005Match Point
33%
Film2008The Other Boleyn Girl
33%
Film2018Isle of Dogs
32%
Film2014Chef
31%
Music Video2005Girl with a Pearl
31%
Film2009He's Just Not That into You
31%
Film1998The Horse Whisperer
30%
Film1994North
29%
Film2016Hail, Caesar!
28%
Film2004The SpongeBob SquarePants Movie
28%
Video Game2004The SpongeBob SquarePants Movie
28%
Film2003Girl with a Pearl Earring
27%
Film2006Scoop
27%
Film2006The Black Dahlia
26%
Film2002Eight Legged Freaks
23%
Film2004In Good Company
23%
Film2004A Good Woman
22%
Film2012Hitchcock
22%
TV Show2005-2008Robot Chicken
22%
Music Video2007What Goes Around ...Comes Around
22%
Film2004A Love Song for Bobby Long
21%
Film2001An American Rhapsody
21%
Theater2010A View from the Bridge
21%
Theater2013Cat on a Hot Tin Roof
21%
Film1997Fall
21%
Film1996If Lucy Fell
21%
Film1995Just Cause
21%
Film1996Manny & Lo
21%
Film1999My Brother the Pig
21%
Film2001The Man Who Wasn't There
21%
Film2004The Perfect Score
21%
Film2008The Spirit
21%
TV Show2004Entourage
20%
TV Show1995The Client
19%
Commercial2022Amazon Alexa
18%
Commercial2004'Eternity Moment' - Calvin Klein
18%
Commercial2006L'Oréal
18%
FilmTBAProject Artemis
18%
Music Video2006When the Deal Goes Down
18%
Short Film2021Come Home
17%
Short Film2014Deep Down
17%
Commercial2009-2010, 2013Dolce & Gabanna
17%
TV Show2014HitRECord on TV
17%
Theater2017Our Town
17%
Theater1993Sophistry
17%
Film2024Transformers One
17%
Music Video2008Yes We Can
17%
Web Mini-Series2015Assassin Banana
16%
Music Video2003City Girl
16%
Commercial2016Huawei P9
16%
Commercial2002The Gap
16%
Short Film2020Boss B***h Fight Challenge
15%
Music Video2004Everything
15%
TV Show2021RuPaul's Drag Race
14%
FilmTBABride
13%
FilmTBAMy Mother's Wedding
12%
TV Special2008Nobel Peace Prize Concert
12%
Short Film2022Penglai
11%
Director2009These Vagabond Shoes
7%
Music Video2018Bad Dreams
6%
Documentary Series2011Biography
5%
Music Video2008Falling Down
3%
Commercial2015Feeding America
2%
TV Documentary2012Escape from the World's Dangerous Place
1%

Score Distribution

Percentile by Number Answered

Percent of People with Each Score

Your Score History

You have not taken this quiz since the last reset